Statistiken für Größte Städte in Bayern (mit Karte)

Klicken Sie hier um das Quiz zu spielen!

Allgemein

  • Dieses Quiz wurde 5.734 mal gespielt
  • Das Durchschnittsergebnis liegt bei 25 aus 50

Antworten auf der Karte

Die Antworten werden auf der Karte rot bzw. grün angezeigt, abhängig davon wie oft sie richtig erraten wurden.
 

Antwortstatistiken

EinwohnerKreisStadt% Korrekt
1.487.708KreisfreiMünchen
100%
510.632KreisfreiNürnberg
97%
296.478KreisfreiAugsburg
93%
153.542KreisfreiRegensburg
87%
126.933KreisfreiWürzburg
84%
129.933KreisfreiFürth
83%
138.016KreisfreiIngolstadt
83%
53.093KreisfreiPassau
82%
77.749KreisfreiBamberg
73%
73.909KreisfreiBayreuth
72%
113.292KreisfreiErlangen
72%
71.381KreisfreiAschaffenburg
69%
63.508KreisfreiRosenheim
69%
45.125KreisfreiHof (Saale)
67%
59.814Neu-UlmNeu-Ulm
65%
27.249Garmisch-PartenkirchenGarmisch-Partenkirchen
61%
69.053KreisfreiKempten (Allgäu)
61%
73.150KreisfreiLandshut
59%
53.585KreisfreiSchweinfurt
59%
25.547Lindau (Bodensee)Lindau (Bodensee)
56%
47.738DachauDachau
54%
40.955KreisfreiCoburg
52%
44.721KreisfreiMemmingen
52%
41.662KreisfreiAnsbach
49%
36.414ErdingErding
48%
48.582FreisingFreising
46%
47.854KreisfreiStraubing
46%
41.994KreisfreiAmberg
43%
34.454DeggendorfDeggendorf
41%
42.472KreisfreiWeiden in der Oberpfalz
40%
29.344Landsberg am LechLandsberg am Lech
39%
37.063FürstenfeldbruckFürstenfeldbruck
38%
45.118KreisfreiKaufbeuren
38%
25.165RothRoth
34%
40.274Neumarkt i.d. OPf.Neumarkt in der Oberpfalz
33%
25.379MünchenUnterhaching
33%
25.724KulmbachKulmbach
31%
41.146KreisfreiSchwabach
29%
26.453Pfaffenhofen an der IlmPfaffenhofen an der Ilm
28%
32.433ForchheimForchheim
27%
29.254SchwandorfSchwandorf
26%
29.830Neuburg-SchrobenhausenNeuburg an der Donau
22%
40.461FürstenfeldbruckGermering
18%
26.387Nürnberger LandLauf an der Pegnitz
18%
30.056Aichach-FriedbergFriedberg
16%
28.896MünchenUnterschleißheim
16%
26.534FürthZirndorf
14%
27.653FürstenfeldbruckOlching
13%
27.888AugsburgKönigsbrunn
12%
25.221Bad Tölz-WolfratshausenGeretsried
11%

Verteilung der Resultate

Perzentil nach korrekt beantworteten Fragen

Anzahl Personen mit jedem Resultat

Ihre Resultats-Entwicklung

Sie haben dieses Quiz noch nicht gespielt